|
|
|
|
| LEADER |
00000nam0a2200000 4500 |
| 001 |
18782 |
| 005 |
20231030191420.0 |
| 010 |
|
|
|a 520001817X
|
| 035 |
|
|
|a (RuTPU)RU\TPU\book\18936
|
| 035 |
|
|
|a BOOK00003624
|
| 090 |
|
|
|a 18782
|
| 100 |
|
|
|a 20011209d1991 km y0rusy50 ca
|
| 101 |
0 |
|
|a rus
|
| 102 |
|
|
|a RU
|
| 105 |
|
|
|a y e 000zy
|
| 200 |
1 |
|
|a Орфографический словарь русского языка
|e около 100 000 слов
|f Академия Наук СССР. Институт русского языка
|
| 205 |
|
|
|a 29-е изд., испр. и доп.
|
| 210 |
|
|
|a Москва
|c Русский язык
|d 1991
|
| 215 |
|
|
|a 414 с.
|
| 610 |
1 |
|
|a русский язык
|
| 610 |
1 |
|
|a орфография
|
| 610 |
1 |
|
|a словари
|
| 610 |
1 |
|
|a орфографические словари
|
| 686 |
|
|
|a Ш141.2-42
|v LBC/SL-A
|2 rubbk
|
| 712 |
0 |
2 |
|a Академия наук СССР (АН СССР)
|b Институт русского языка им. В. В. Виноградова (ИРЯ)
|c (Москва)
|2 stltpush
|3 (RuTPU)RU\TPU\col\12016
|
| 801 |
|
0 |
|a RU
|b 63413507
|c 20011209
|g PSBO
|
| 801 |
|
2 |
|a RU
|b 63413507
|c 20210813
|g PSBO
|
| 942 |
|
|
|c BK
|